Ginecología radiológica / (Record no. 51570)

MARC details
000 -LEADER
campo de control de longitud fija 01072nam a2200265 i 4500
001 - NÚMERO DE CONTROL
campo de control 51570
003 - IDENTIFICADOR DE NÚMERO DE CONTROL
campo de control ES-MaACL
005 - FECHA Y HORA DE LA ÚLTIMA TRANSACCIÓN
campo de control 20250625164532.0
007 - CAMPO FIJO DE DESCRIPCIÓN FÍSICA--INFORMACIÓN GENERAL
campo de control de longitud fija t|
008 - DATOS DE LONGITUD FIJA--INFORMACIÓN GENERAL
campo de control de longitud fija 030813s1958 sp ||||1| spa d
100 1# - ENTRADA PRINCIPAL--NOMBRE DE PERSONA
Nombre de persona Dalsace, Jean.
9 (RLIN) 42536
245 10 - MENCIÓN DEL TÍTULO
Título Ginecología radiológica /
Mención de responsabilidad, etc. Jean Dalsace y J. García Calderón ; con una aportación sobre la radiografía de la mama por Charles M. Gros y Raymond Sigrist ; prefacio de Paul Funck-Brentano ; [traducción del francés por Santiago Lorén ; revisado por Domingo Busquets].
250 ## - MENCION DE EDICION
Mención de edición [1ª ed.].
260 ## - PUBLICACIÓN, DISTRIBUCIÓN, ETC.
Lugar de publicación, distribución, etc. Barcelona :
Nombre del editor, distribuidor, etc. Luis Miracle,
Fecha de publicación, distribución, etc. 1958 (
Fabricante Bachs)
300 ## - DESCRIPCIÓN FÍSICA
Extensión 198 p., 54 lám. :
Otras características físicas il. ;
Dimensiones 25 cm.
650 #4 - PUNTO DE ACCESO ADICIONAL DE MATERIA--TÉRMINO DE MATERIA
Término de materia o nombre geográfico como elemento de entrada Mujeres-
Subdivisión general Diagnóstico de las enfermedades.
9 (RLIN) 166018
700 1# - ENTRADA AGREGADA--NOMBRE PERSONAL
Nombre de persona Garcia-Caldéron, Jean.
9 (RLIN) 54316
700 1# - ENTRADA AGREGADA--NOMBRE PERSONAL
Nombre de persona Gros, Charles-M.
9 (RLIN) 60151
700 1# - ENTRADA AGREGADA--NOMBRE PERSONAL
Nombre de persona Sigrist, Raymond.
9 (RLIN) 106312
700 1# - ENTRADA AGREGADA--NOMBRE PERSONAL
Nombre de persona Funck-Brentano, Paul.
9 (RLIN) 53023
700 1# - ENTRADA AGREGADA--NOMBRE PERSONAL
Nombre de persona Busquets, Domingo.
9 (RLIN) 32837
700 1# - ENTRADA AGREGADA--NOMBRE PERSONAL
Nombre de persona Lorén, Santiago,
Fechas asociadas al nombre 1918-2010
9 (RLIN) 74093
852 ## - LOCALIZACIÓN
Ubicación ES-MaACL
Número de control de estantería C-14322
Sublocalización o colección R.42217
Holdings
Estatus retirado Estado de pérdida Estado de daño No para préstamo Biblioteca de origen Biblioteca actual Ubicación en estantería Fecha de adquisición Fuente de adquisición Total de préstamos Signatura topográfica completa Código de barras Visto por última vez Precio de reemplazo Tipo de ítem Koha
        Biblioteca del Ateneo de Madrid Biblioteca del Ateneo de Madrid Sala Palomar 17/01/2008     C-14322 1054234 23/02/2023 23/02/2023 Libro impreso